000 00755nas a2200229 4500
001 BR2012009006
003 BR-BrBNA
005 20231205121537.0
007 ta
008 230509b bl.|||p| |||| 00| 00por d
040 _aBR-BrBNA
_bpor
_cBiblioteca Nacional de Agricultura
041 _a(Pt)
072 _aM12
100 1 _aBornatowski, H.
100 1 _aSchwingel, P.R.
245 1 _aSobre a alimentação do tubarão-martelo, Sphyrna zygaena (Linnaeus, 1758), capturado por espinhel pelágico no sudeste e sul do Brasil
650 _aCAÇÃO
650 _aDIETA
773 0 _tArquivos de Ciências do Mar (Brazil)
_xISSN 0374-5686
_g(2009), v. 42(2) p. 89-92
_wBR2012009006
909 _a202311
_bLúcia
_c55
_dLúcia Elande
942 _2AGRIS
_n0
_cANA
999 _c224051
_d224051